Hỏi đáp về môn học chính trị : 9Theo giáo trình Chính trị dùng trong các trwongf Trung cấp chuyên nghiệp của Bộ Giáo dục và đào tạo)

Sách gồm 72 câu hỏi và trả lời, phản ánh nội dung cơ bản vủa các bài trong giáo trình chính trị.

Gorde:
Xehetasun bibliografikoak
Egile nagusia: Lê, Thế Lạng
Formatua: Liburua
Hizkuntza:Undetermined
Argitaratua: Hà Nội Giáo dục 2007
Gaiak:
Etiketak: Etiketa erantsi
Etiketarik gabe, Izan zaitez lehena erregistro honi etiketa jartzen!
Thư viện lưu trữ: Trung tâm Học liệu Trường Đại học Cần Thơ
LEADER 00894nam a2200217Ia 4500
001 CTU_128404
008 210402s9999 xx 000 0 und d
020 |c 14000 
082 |a 320.01 
082 |b L106 
100 |a Lê, Thế Lạng 
245 0 |a Hỏi đáp về môn học chính trị : 
245 0 |b 9Theo giáo trình Chính trị dùng trong các trwongf Trung cấp chuyên nghiệp của Bộ Giáo dục và đào tạo) 
245 0 |c Lê Thế Lạng, Nguyễn Đình Trình 
260 |a Hà Nội 
260 |b Giáo dục 
260 |c 2007 
520 |a Sách gồm 72 câu hỏi và trả lời, phản ánh nội dung cơ bản vủa các bài trong giáo trình chính trị. 
650 |a Political science,Khoa học chính trị 
904 |i Tuyến 
980 |a Trung tâm Học liệu Trường Đại học Cần Thơ